| 000 | 00574nam a2200157 a 4500 | ||
|---|---|---|---|
| 008 | 120416s1976 ||||||||||||||||| || u | ||
| 050 | _aHF 5667 Are | ||
| 100 | _aArens, Alvin A | ||
| 245 | 1 | 0 | _aAuditing: an integrated approach |
| 260 |
_aEnglewood Cliffs, N. J. _bFT Prentice-Hall _c1976 |
||
| 300 | _axv, 688p. : ill. | ||
| 350 | _a0.00 | ||
| 650 | _aAUDITING | ||
| 650 | 0 | _aACCOUNTING--HANDBOOKS, MANUALS, ETC | |
| 995 |
_D0.00 _FCBU-MAIN LIBRARY (Kitwe) _H1 _I45.30 _M7 _UAVAILABLE _ZMain Library Open Access Collection |
||
| 999 |
_c35302 _d35302 |
||